Crisis de los imperios: monarquía y representación política en Inglaterra y España, 1763-1812

Wedi'i Gadw mewn:
Manylion Llyfryddiaeth
Prif Awdur: González Adánez, Noelia (Awdur)
Fformat: Llyfr
Iaith:Sbaeneg
Cyhoeddwyd: Madrid, España Centro de Estudios Políticos y Constitucionales 2005
Cyfres:Colección de la Sociedad Política
Pynciau:
Tagiau: Ychwanegu Tag
Dim Tagiau, Byddwch y cyntaf i dagio'r cofnod hwn!

MARC

LEADER 00000nam a2200000 a 4500
001 UCJ0629
003 CL-VaPUC
005 20210617001448.0
008 060825e20050000SP |||||||||||||||||spa|d
999 |c 317394  |d 317392 
020 |a .8425912881 
040 |c Pontificia Universidad Católica de Valparaíso 
082 0 4 |a 942.081 GON 2005  |2 21 
100 0 |a González Adánez, Noelia  |e author  |9 500843 
245 1 0 |a Crisis de los imperios:  |b  monarquía y representación política en Inglaterra y España, 1763-1812 
260 |a Madrid, España  |b Centro de Estudios Políticos y Constitucionales  |c 2005 
300 |a 308 páginas 
490 0 |a Colección de la Sociedad Política 
583 |a last modification  |c 20140408 09:17:54  |k Rodrigo Vera 
650 0 |a Historia de Europa  |9 392003 
650 7 |a MONARQUIA INGLESA  |2 CL-VaPUC  |9 410591 
650 7 |a MONARQUIA ESPAÑOLA  |2 CL-VaPUC  |9 500844 
650 0 |a Poderes del estado  |z EUROPA  |9 377457 
650 0 |a Desarrollo económico y social   |z EUROPA  |9 256320 
852 |a BIBCUR 
942 |c BK  |2 ddc 
945 |d 20060825 00:00:00  |a jtorresc 
952 |0 0  |1 0  |2 ddc  |4 0  |6 942_081000000000000_GON_2005  |7 0  |8 A  |9 393735  |a BIBHIS  |b BIBHIS  |d 2019-11-22  |i 426200K  |l 1  |o 942.081 GON 2005  |p 426200K  |r 2025-01-20  |s 2023-04-17  |t 1  |w 2019-11-22  |y BK  |k HIS 
952 |0 0  |1 0  |2 ddc  |4 0  |6 942_081000000000000_GON_2005  |7 0  |8 A  |9 393736  |a BIBHIS  |b BIBHIS  |d 2019-11-22  |i 4345878  |o 942.081 GON 2005  |p 4345878  |r 2025-01-20  |t 2  |w 2019-11-22  |y BK  |k HIS